00289nam a2200109Ia 4500008004100000041000800041082002200049100001500071245004700086260003700133300000900170230411s9999 xx 000 0 und d aeng aSO/301/NEE/B07854 aNeeraja KP aTextbook of Sociology for Nursing Students bJaypee BrothersaNew Delhic2005 a607p